enchant and exalted relics in fisch - Statistics

General Stats
  • This quiz has been taken 48 times
  • The average score is 20 of 31
Answer Stats
Hint Answer % Correct
enchant hasty
80%
enchant divine
73%
enchant steady
73%
enchant herculean
70%
enchant long
70%
enchant mutated
70%
enchant blessed
67%
enchant clever
67%
exalted quantum
67%
enchant resilient
67%
enchant swift
67%
enchant abyssal
63%
moby blessed song
63%
enchant controlled
63%
enchant ghastly
63%
exalted Invincible
63%
exalted mystical
63%
enchant noir
63%
exalted piercing
63%
exalted sea overlord
63%
exalted immortal
60%
enchant scrapper
60%
enchant sea king
60%
enchant storming
60%
enchant unbreakable
60%
exalted Anomalous
57%
enchant breezed
57%
enchant insight
57%
enchant lucky
57%
enchant quality
57%
enchant wormhole
57%
No matching quizzes found
Score Distribution
Percent of People with Each Score
Percentile by Number Answered
Your Score History
You have not taken this quiz